Fiorentina - Tous les joueurs de 2010 à 2025 - Statistiques

Statistiques générales
  • Ce quiz a été pris 68 fois
    18 depuis la dernière actualisation
  • Le résultat moyen est 47 sur 231
Statistiques - réponses
Saisons Nationalité Joueur Nombres
De matchs
Poste % Correct
2024 - Italie MoiseKean 44 A
92%
2018 - 2022 Serbie DusanVlahovic 108 A
83%
2024 - Espagne DavidDe Gea 42 G
75%
2014 - 2015 Égypte MohamedSalah 26 A
75%
2017 - 2024 Serbie NikolaMilenkovic 264 D
75%
2015 - 2018 Italie DavideAstori 109 D
67%
2016 - 2020 Italie FedericoChiesa 153 A
67%
2019 - 2021 France FranckRibéry 51 A
67%
2021 - 2025 France JonathanIkoné 138 A
67%
2021 - 2024 Argentine NicolasGonzález 125 A
67%
2012 - 20172020 - 2021 Espagne BorjaValero 233 M
58%
2022 - Brésil Dodo 114 D
58%
2013 - 2017 Slovénie Josip Ilicic 137 A
58%
2012 - 2015 Colombie JuanCuadrado 106 M
58%
2022 - 2023 Serbie LukaJovic 50 A
58%
2020 - 2023 Maroc SofyanAmrabat 107 M
58%
2016 - 2022 Pologne BartlomiejDragowski 86 G
50%
2017 - 20192020 - 2025 Italie CristianoBiraghi 266 D
50%
2014 - 2017 Italie FedericoBernardeschi 93 A
50%
2023 - 2025 Argentine LucasBeltran 98 A
50%
2013 - 2015 Allemagne MarioGomez 47 A
50%
2015 - 2017 Croatie NikolaKalinic 83 A
50%
2018 - 2025 Italie PietroTerracciano 156 G
50%
2022 - Italie RolandoMandragora 142 M
50%
2012 - 2015 Monténégro StefanSavic 108 D
50%
2018 - 2019 CoteD'Ivoire AlbanLafont 38 G
42%
2024 - Islande AlbertGudmundsson 33 A
42%
2020 - 2024 Italie GiacomoBonaventura 162 M
42%
2021 - 2022 Pologne KrzysztofPiatek 18 A
42%
2020 - 2025 Argentine LucasMartinez Quarta 142 D
42%
2005 - 2016 Italie ManuelPasqual 356 D/M
42%
2019 - 2021 Uruguay MartinCaceres 61 D
42%
2012 - 2016 Chili MatiasFernandez 131 M
42%
2011 - 20122021 - 2022 Serbie MatijaNastasic 36 D
42%
2014 - 2015 Angleterre MicahRichards 19 D
42%
2014 - 20182019 - 2020 Croatie MilanBadelj 164 M
42%
2024 - Italie NicoloFagioli 21 M
42%
2023 - Italie PietroComuzzo 50 D
42%
2024 - Allemagne RobinGosens 41 D/M
42%
2005 - 2011 France SébastienFrey 218 G
42%
2008 - 2013 Monténégro StevanJovetic 135 A
42%
2009 - 2013 Serbie AdemLjajic 88 M/A
33%
2006 - 2011 Roumanie AdrianMutu 143 A
33%
2012 - 2015 Italie AlbertoAquilani 105 M
33%
2019 - 2024 Ghana AlfredDuncan 126 M
33%
2024 - Maroc AmirRichardson 39 M
33%
2023 - 2024 Brésil ArthurMelo 48 M
33%
2019 - 20212022 - Cote D'Ivoire ChristianKouamé 151 A
33%
2013 - 2017 Roumanie CiprianTatarusanu 101 G
33%
2012 - 2015 Chili DavidPizarro 110 M
33%
2018 - 2019 Suisse EdimilsonFernandes 33 M
33%
2023 - Italie FabianoParisi 73 D
33%
2012 - 2017 Argentine Gonzalo Rodriguez 203 D
33%
2008 - 20122013 - 2015 Pérou Juan ManuelVargas 186 D/M
33%
2009 - 20122014 - 2018 Sénégal KhoumaBabacar 128 A
33%
2013 - 2016 Espagne MarcosAlonso 85 D
33%
2024 - Croatie MartinPongracic 28 D
33%
2023 - 2024 Angola M'balaNzola 47 A
33%
2024 - 2025 Italie MichaelFolorunsho 19 M
33%
2010 - 2015 Brésil Neto 101 G
33%
2024 - Espagne PabloMari 13 D
33%
2005 - 2012 Italie RiccardoMontolivo 259 M
33%
2018 - 20202021 - 2025 Italie RiccardoSottil 138 A
33%
2011 - 2012 Uruguay SantiagoSilva 13 A
33%
2024 - 2025 France YacineAdli 35 M
33%
2020 - 2022 Russie AleksandrKokorin 11 A
25%
2022 - 2024 RépubliqueTchèque AntoninBarak 80 M
25%
2021 - 2023 Brésil ArthurCabral 64 A
25%
2010 - 2012 Pologne ArturBoruc 64 G
25%
2017 - 2020 BurkinaFaso BryanDabo 36 M
25%
2019 - 2024 Italie GaetanoCastrovilli 131 M
25%
2017 - 2021 Argentine GermanPezzella 138 D
25%
2018 - 2019 Brésil Gerson 40 M
25%
2016 - 2018 Roumanie IanisHagi 2 M
25%
2019 - 2023 Brésil Igor 110 D
25%
2014 - 2015 Slovénie JasminKurtic 28 M
25%
2013 - 2015 Espagne Joaquin 71 A
25%
2017 - 2019 France JordanVeretout 75 M
25%
2018 - 2019 Belgique KevinMirallas 30 A
25%
2019 - 20202022 - Italie LucaRanieri 115 D
25%
2005 - 20072012 - 2013 Italie LucaToni 99 A
25%
2021 - 2022 Uruguay LucasTorreira 35 M
25%
2018 - 2019 Colombie LuisMuriel 23 A
25%
2014 - 2015 Allemagne MarkoMarin 4 M
25%
2013 - 20142015 - 2017 Uruguay MatiasVecino 85 M
25%
2023 - 2025 Italie MichaelKayode 49 D
25%
2012 - 2017 Serbie NenadTomovic 171 D
25%
2023 - 2025 Danemark OliverChristensen 10 G
25%
2019 - 2020 Brésil Pedro 4 A
25%
2016 - 20182020 - 2023 Italie RicardoSaponara 107 M
25%
2017 - 2019 2020 - 2021 France ValentinEysseric 52 M
25%
2010 - 2012 Suisse ValonBehrami 49 M
25%
2019 - 20202021 - 2023 Serbie AleksaTerzic 51 D
17%
2005 - 2012 Italie AlessandroGamberini 225 D
17%
2013 - 2014 Italie AlessandroMatri 21 A
17%
2010 - 2012 Italie AlessioCerci 53 A
17%
2012 - 2012 Italie Amauri 13 A
17%
2023 - 2024 Italie AndreaBelotti 24 A
17%
2024 - 2025 Italie AndreaColpani 32 M
17%
2016 - 2017 Mexique Carlos Salcedo 20 D
17%
2016 - 2018 Colombie CarlosSanchez 52 M
17%
2024 - Italie CherNdour 9 M
17%
2017 - 2020 France CyrilThéréau 22 A
17%
2024 - 2025 Italie EdoardoBove 15 M
17%
2012 - 2013 Italie EmilianoViviano 32 G
17%
2019 - 2022 Chili ErikPulgar 82 M
17%
2023 - 2024 Argentine GinoInfantino 9 M
17%
2013 - 2016 Italie GiuseppeRossi 42 A
17%
2010 - 20112012 - 2013 Suisse HarisSeferovic 12 A
17%
2020 - 2022 Espagne JoséCallejon 55 A
17%
2014 - 2015 Argentine Jose MariaBasanta 37 D
17%
2016 - 2017 El Salvador JoshPérez 1 A
17%
2020 - 2021 France KévinMalcuit 5 D
17%
2009 - 2012 Italie LorenzoDe Silvestri 86 D
17%
2016 - 2018 Italie MarcoSportiello 39 G
17%
2018 - 2019 Croatie MarkoPjaca 19 A
17%
2024 - 2025 Argentine MatiasMoreno 12 D
17%
2011 - 2013 Italie MattiaCassani 37 D
17%
2015 - 2016 Argentine MauroZarate 26 A
17%
2023 - 2024 France MaximeLopez 31 M
17%
2013 - 2014 France ModiboDiakite 11 D
17%
2018 - 2020 Espagne TofolMontiel 5 A
17%
2023 - Italie Tommaso Martinelli 2 G
17%
2017 - 2019 Brésil VitorHugo 54 D
17%
2012 - 2015 Égypte AhmedHegazy 4 D
8%
2008 - 20122014 - 2015 Italie AlbertoGilardino 157 A
8%
2014 - 2015 Italie AleandroRosi 4 D
8%
2002 - 20032014 - 2015 Italie AlessandroDiamanti 18 A
8%
2021 - 2022 Espagne AlvaroOdriozola 27 D
8%
2010 - 2012 Ghana AmiduSalifu 16 M
8%
2013 - 2014 Brésil Anderson 8 M
8%
2011 - 20122014 - 2015 Italie AndreaLazzari 45 M
8%
2013 - 2014 Croatie AnteRebic 12 A
8%
2017 - 2018 Portugal BrunoGaspar 17 D
8%
2009 - 2012 Italie CesareNatali 83 D
8%
2015 - 2017 Espagne Cristian Tello 56 A
8%
2012 - 2015 Italie CristianoLupatelli 1 G
8%
2010 - 2011 Italie CristianoPiccini 1 D
8%
1994 - 19962009 - 2011 Italie CristianoZanetti 43 M
8%
2010 - 2011 Ghana Daniel KofiAgyei 1 M
8%
2024 - 2025 Italie DaniloCataldi 34 M
8%
2018 - 2019 Slovaquie DavidHancko 5 D
8%
2023 - 2024 Italie DavideFaraoni 11 D
8%
2012 - 2014 2015 - 2016 Argentine FacundoRoncaglia 84 D
8%
2009 - 2011 Italie FedericoCarraro 4 M
8%
2008 - 2011 Italie FedericoMasi 2 D
8%
2009 - 2012 Brésil Felipe 30 D
8%
2010 - 2011 Italie GaetanoD'agostino 21 M
8%
2003 - 20042008 - 2011 Italie GianlucaComotto 102 D
8%
2017 - 2018 Portugal GilDias 28 A
8%
2011 - 2012 Maroc HoussineKharja 21 M
8%
2016 - 2017 Croatie HrvojeMilic 19 D
8%
2014 - 2015 Australie JoshuaBrillante 2 M
8%
2022 - 2024 Croatie JosipBrekalo 29 A
8%
2019 - 2020 Colombie KevinAgudelo 3 A
8%
2015 - 2017 Italie LucaLezzerini 4 G
8%
2015 - 2016 Italie LuigiSepe 7 G
8%
2017 - 20202021 - 2022 Italie MarcoBenassi 106 M
8%
2004 - 2011 Italie MarcoDonadel 220 M
8%
2009 - 2012 Italie MarcoMarchionni 75 M
8%
2013 - 2014 Allemagne MarinCompper 26 D
8%
2009 - 2011 Argentine MarioBolatti 27 M
8%
2006 - 2011 Argentine MarioSantana 137 M/A
8%
2015 - 2016 Espagne MarioSuarez 13 M
8%
2016 - 2019 Uruguay MaximilianoOlivera 36 D
8%
2011 - 2012 Ghana MaxwellAcosty 5 A
8%
2010 - 2013 Italie MicheleCamporese 20 D
8%
2012 - 2013 Mali MohamedSissoko 5 M
8%
2007 - 20082010 - 2011 Sénégal N'diayePapa Waigo 9 A
8%
2024 - 2025 Italie NicoloZaniolo 13 M
8%
2010 - 2011 Serbie NikolaGulan 9 M
8%
2013 - 2014 Ukraine OleksandrYakovenko 6 A
8%
2019 - 2021 Italie PatrickCutrone 34 A
8%
2005 - 2012 Danemark PerKroldrup 146 D
8%
2022 - 2023 Italie PierluigiGollini 9 G
8%
2019 - 2021 Espagne PolLirola 52 D/M
8%
2019 - 2020 Algérie RachidGhezzal 21 A
8%
2011 - 2013 Italie Romulo 34 M
8%
2012 - 2013 Uruguay RubenOlivera 14 M
8%
2013 - 2014 Brésil RyderMatos 35 A
8%
2019 - 20202022 - 2023 Pologne SzymonZurkowski 6 M
8%
2007 - 2011 Serbie VladaAvramov 9 G
8%
2023 - 2024 Colombie YerryMina 7 D
8%
2021 - 2023 Maroc YoussefMaleh 55 M
8%
2021 - 2023 Italie AlessandroBianco 14 M
0%
2020 - 2021 Italie AntonioBarreca 4 D
0%
2014 - 20152021 - 2022 Italie AntonioRosati 5 G
0%
2019 - 2020 Italie ChristianDalle Mura 1 D
0%
2018 - 2019 Norvège ChristianNorgaard 6 M
0%
2012 - 2013 Argentine CristianLlama 6 M
0%
2019 - 2020 Brésil Dalbert 34 D
0%
2017 - 2018 Italie DiegoFalcinelli 12 A
0%
2019 - 2020 Italie FedericoBrancolini 1 G
0%
2018 - 2020 Italie FedericoCeccherini 37 D
0%
2021 - 2023 Italie FilippoDistefano 1 A
0%
2012 - 2013 Italie FrancescoDella Rocca 1 M
0%
2011 - 2012 Italie GianniMunari 13 M
0%
2015 - 2016 Brésil Gilberto 7 D
0%
2017 - 2019 Argentine Giovanni Simeone 80 A
0%
2012 - 2013 Italie GiulioMigliaccio 27 M
0%
2013 - 2014 Uruguay GustavoMunua 2 G
0%
2015 - 2016 Pologne JakubBlaszczykowski 20 A
0%
2016 - 2017 Slovénie JanMlakar 1 A
0%
2015 - 2016 Espagne JoanVerdu 8 M
0%
2024 - 2025 Italie JonasHarder 1 M
0%
2016 - 2017 Pays - Bas KevinDiks 2 D
0%
2019 - 2020 Ghana KevinPrince - Boateng 15 M
0%
2013 - 2014 Italie LeonardoCapezzi 1 M
0%
2023 - 2024 Italie LorenzoAmatucci 2 M
0%
2019 - 2023 Italie LorenzoVenuti 100 D
0%
2024 - 2025 Italie Maat DanielCaprini 2 A
0%
2012 - 2013 Argentine MarceloLarrondo 7 A
0%
2013 - 2014 Monténégro MarkoBakic 10 M
0%
2013 - 2014 Italie MassimoAmbrosini 30 M
0%
2022 - 2023 Italie MicheleCerofolini 5 G
0%
2012 - 20132014 - 2015 Maroc MounirEl Hamdaoui 23 A
0%
2018 - 2019 Suisse NickyBelolo 1 M
0%
2023 - 2024 Italie NicoloPierozzi 2 D
0%
2011 - 2012 Ghana Nii NorteyAshong 1 D
0%
2015 - 2016 Grèce PanagiotisKone 1 M
0%
2013 - 2014 Pologne RafalWolski 16 M
0%
2017 - 2018 Norvège RafikZekhnini 1 A
0%
2014 - 2015 Croatie RicardoBagadur 1 D
0%
2022 - 2023 Italie SalvatoreSirigu 2 G
0%
2016 - 2018 Uruguay SebastianCristoforo 35 M
0%
2016 - 2017 France SebastienDe maio 9 D
0%
2017 - 2018 Italie Simone Lo faso 2 A
0%
2014 - 2015 Italie SimoneMinelli 1 A
0%
2015 - 2016 Argentine Tino Costa 8 M
0%
2024 - 2025 Italie TommasoRubino 2 M
0%
2017 - 2019 France VincentLaurini 39 D
0%
Aucun quiz correspondant
Distribution des résultats
% des personnes avec chaque résultat
Percentile par nombre de réponses
Votre historique - résultats
Vous n’avez pas pris ce quiz depuis la dernière actualisation